01059nam a2200205 a 4500008004100000020001800041050001500059100001800074245006700092260003600159300001400195650001300209650002200222700001600244995014800260995014800408999001700556952013400573952014600707170111s2015 ||||||||||||||||| || u a9781446254790 aBF 511 Ell aEllis, Darren10aSocial psychology of emotioncBy Darren Ellis [and] Ian Tucker aLondonbSAGE Publicationsc2015 aix, 198p. aEMOTIONS 0aSOCIAL PSYCHOLOGY aTucker, Ian aMAIN LIBRARY OPEN ACCESSe747520FCBU-MAIN LIBRARY (Kitwe)jBF 511 EllM1UAVAILABLEWJan 24, 2017y747520ZMain Library Open Access Collection aMAIN LIBRARY OPEN ACCESSe747521FCBU-MAIN LIBRARY (Kitwe)jBF 511 EllM2UAVAILABLEWJan 24, 2017y747521ZMain Library Open Access Collection c76591d76591 00102lcc4070a001b001cMain Library Open Access Collectiond2023-04-25l0oBF 511 Ellp747520r2023-04-25t1w2023-04-25y002 00102lcc4070a001b001cMain Library Open Access Collectiond2023-04-25l1oBF 511 Ellp747521r2026-05-15s2026-05-12t2w2023-04-25y002